000 01210nam a2200349 a 4500
001 58635
003 BD-RjUL
005 20211209080637.0
008 161219s2008 dcua b 001 0 eng
020 _a9780821375327
020 _a0821375326
020 _a9780821375334 (electronic)
020 _a0821375334 (electronic)
035 _a(BD-RjUL)58759
040 _aDLC
_cDLC
_dBD-RjUL
_beng
041 _aeng
082 0 0 _a331.1095492
_223
_bPAM 2008
100 1 _aPaci, Pierella,
_d1957-
_9174249
245 1 0 _aMaking work pay in Bangladesh :
_bemployment, growth, and poverty reduction /
_cPierella Paci, Marcin Sasin.
260 _aWashington, DC :
_bWorld Bank,
_cc2008.
300 _axi, 72 p. :
_bill. ;
_c23 cm.
490 1 _aDirections in development. Poverty
504 _aIncludes bibliographical references (p. 67-68) and index.
650 0 _aLabor market
_zBangladesh.
_9173735
650 0 _aWages
_zBangladesh.
_9174250
650 0 _aPoverty
_zBangladesh.
_9174251
650 0 _aLabor productivity
_zBangladesh.
_9174252
700 1 _aSasin, Marcin J.
_q(Marcin Jan)
_9174253
830 _aDirections in development. Poverty
_9174254
942 _2ddc
_cBK
999 _c58635
_d58635